Nièvre - mort subite - Statistiques

Statistiques générales
  • Ce quiz a été pris 28 fois
  • Le résultat moyen est 8 sur 18
Answers on the Grid
Answers color-coded by a green-red scale on the quiz's grid according to % correct below.
Magny-Cours
Une zone occupée par les Wurtembergeois en 1815
Cosne-Cours-sur-Loire
Sancerre
Drenthe
Une frontière avec l'Île-de-France
Pouilly-Sur-Loire
Mars-sur-Allier
Güines
Nevers
Ur
Varennes-Vauzelles
Varzy
Budva
Ise
Fejér
Attique
Parc Naturel du Morvan
La Charité-sur-Loire
Une frontière avec le Cher
La Loire
Itteville
Domaine Tinel-Blondelet
Sainte-Croix
Fourchambault
Ouistreham
La Machine
Erevan
Trouillas
Decize
Lattaquié
Côtes-de-la-charité
Cornouailles
Des cigognes nicheurs
Taïf
Six Planes
 
Statistiques - réponses
Réponse % Correct
Magny-Cours
87%
Cosne-Cours-sur-Loire
83%
Nevers
70%
La Loire
61%
Decize
57%
Fourchambault
57%
La Charité-sur-Loire
57%
Parc Naturel du Morvan
57%
Une frontière avec le Cher
57%
Varennes-Vauzelles
52%
L'origine du Pouilly Fumé Pouilly-Sur-Loire
43%
Village La Machine
35%
Varzy
35%
Côtes-de-la-charité
22%
1815-18 Une zone occupée par les Wurtembergeois en 1815
22%
Mars-sur-Allier
17%
Domaine Tinel-Blondelet
9%
Arabie saoudite Taïf
4%
Aucun quiz correspondant
Distribution des résultats
% des personnes avec chaque résultat
Percentile par nombre de réponses
Votre historique - résultats
Vous n’avez pas pris ce quiz